000 00392nam a2200133Ia 4500
005 20260326235455.0
008 260326s9999||||xx |||||||||||||| ||und||
100 _aHeyer, Paul
245 0 _aMexican Architecture :
_b The Work of Abraham Zabludovsky and Teodoro González de León /
_cPaul Heyer
260 _bWalker and Co.
300 _a141 p.
650 _aARQUITECTURA REGIONAL
942 _cBK
999 _c7909
_d7909